000 00699nam a22002177a 4500
003 LK-CoDNM
005 20241030113610.0
008 241015b |||||||| |||| 00| 0 eng d
040 _aLK-CoDNM
_dLK-CoDNM
_eLK-CoDNM
041 _asin
080 _aප්‍ර.ය
_b2
245 _aයුද‍්ධය හා ලඞකාව-1940
_b1 කාණ්ඩය 6 කලාපය
260 _aColombo
_bThe Ceylon government press
_c1940
300 _b16p. ; 25 cm
650 _aයුද‍්ධය හා ලඞකාව-1940
650 _a1 කාණ්ඩය 6 කලාපය
650 _aමාසික සගරාව
650 _aප්‍ර.ය 2
650 _a1940
942 _cBK
999 _c224956
_d224956